000 00268nam a2200097Ia 4500
008 240331s9999 xx 000 0 und d
082 _bPAR
100 _aParanavitana, S
245 0 _aArchaeological survey of Ceylon :
_binscriptions of Ceylon-Volume II, part I
942 _cL
999 _c3211
_d3211